Cuál es el papel del maestro

Guardat en:
Dades bibliogràfiques
Autor principal: Freinet, Elise (Autor)
Format: Llibre
Idioma:espanyol
Publicat: Barcelona Laia 1979
Edició:5a. ed
Col·lecció:Biblioteca de la Escuela Moderna, 7
Matèries:
Etiquetes: Afegir etiqueta
Sense etiquetes, Sigues el primer a etiquetar aquest registre!

MARC

LEADER 00000nam a2200000 a 4500
001 UCZ7500
003 CL-VaPUC
008 960105e19790000SP |||||||||||||||||spa|d
082 0 4 |a 371.102  |b FRE  |2 21 
100 0 |a Freinet, Elise  |e author  |9 352413 
245 1 0 |a Cuál es el papel del maestro 
246 1 0 |a Cuál es el papel del niño? 
250 |a 5a. ed 
300 |a 85 p 
942 |c BK 
945 |d 19960105 00:00:00  |a cmena 
260 |a Barcelona  |b Laia  |c 1979 
650 0 |a Rol del docente  |9 329733 
650 0 |a Docentes  |9 311365 
650 7 |a PAPEL DE LA EDUCACION  |2 CL-VaPUC  |9 338800 
650 7 |a RELACION DOCENTE ALUMNO  |2 CL-VaPUC  |9 307734 
650 0 |a Derechos del niño  |9 258728 
583 |a last modification  |c 19960105 00:00:00  |k Rodrigo Vera 
490 0 |a Biblioteca de la Escuela Moderna, 7 
999 |c 243569  |d 243567 
952 |0 0  |1 0  |4 0  |6 371_102000000000000_FRE_1979  |7 0  |8 P  |9 257251  |a BIBEDU  |b BIBEDU  |c BIBEDU_PB  |d 2019-11-19  |i 1611461  |o 371.102 FRE 1979  |p 1611461  |r 2019-11-19  |w 2019-11-19  |y BK  |k EDU